[Event "Silkway Cup"]
[Site "T#646345FIDE"]
[Date "2020.05.26"]
[Round "3"]
[White "gul91"]
[Black "Atesh"]
[Result "1/2-1/2"]
[WhiteElo "2045"]
[BlackElo "1620"]
[Annotator "NA"]
[PlyCount "70"]
[EventDate "2020.05.26"]
[EventType "swiss (blitz)"]

1. e4 {[%emt 0:00:02]} c5 {[%emt 0:00:01]} 2. Nc3 {[%emt 0:00:05]} d6 {[%emt 0:00:01]} 3. d4 {[%emt 0:00:01]} cxd4 {[%emt 0:00:02]} 4. Qxd4 {[%emt 0:00:01]} a6 {[%emt 0:00:04]} 5. b3 {[%emt 0:00:03]} Nc6 {[%emt 0:00:06]} 6. Qd2 {[%emt 0:00:02]} Nf6 {[%emt 0:00:04]} 7. Bb2 {[%emt 0:00:02]} e6 {[%emt 0:00:04]} 8. f3 {[%emt 0:00:03]} Be7 {[%emt 0:00:02]} 9. O-O-O {[%emt 0:00:03]} O-O {[%emt 0:00:02]} 10. g4 {[%emt 0:00:01]} b5 {[%emt 0:00:04]} 11. Nge2 {[%emt 0:00:06]} Nd7 {[%emt 0:00:06]} 12. Kb1 {[%emt 0:00:07]} Nc5 {[%emt 0:00:02]} 13. Nd4 {[%emt 0:00:27]} Bd7 {[%emt 0:00:24]} 14. Nce2 {[%emt 0:00:10]} Qc7 {[%emt 0:00:15]} 15. g5 {[%emt 0:00:07]} Rfc8 {[%emt 0:00:04]} 16. h4 {[%emt 0:00:08]} Bf8 {[%emt 0:00:23]} 17. Bh3 {[%emt 0:00:03]} Nxd4 {[%emt 0:00:07]} 18. Nxd4 {[%emt 0:00:02]} a5 {[%emt 0:00:02]} 19. h5 {[%emt 0:00:26]} a4 {[%emt 0:00:30]} 20. g6 {[%emt 0:00:05]} axb3 {[%emt 0:00:04]} 21. cxb3 {[%emt 0:00:02]} hxg6 {[%emt 0:00:34]} 22. hxg6 {[%emt 0:00:01]} fxg6 {[%emt 0:00:01]} 23. Qh2 {[%emt 0:00:17]} e5 {[%emt 0:00:15]} 24. Bxd7 {[%emt 0:00:10]} Qxd7 {[%emt 0:00:01]} 25. Nc2 {[%emt 0:00:13]} Qa7 {[%emt 0:00:08]} 26. Nb4 {[%emt 0:00:07]} Kf7 {[%emt 0:00:09]} 27. Qd2 {[%emt 0:00:07]} Ne6 {[%emt 0:00:04]} 28. Rhg1 {[%emt 0:00:06]} Nf4 {[%emt 0:00:03]} 29. Rc1 {[%emt 0:00:05]} Rc5 {[%emt 0:00:06]} 30. a3 {[%emt 0:00:06]} Rac8 {[%emt 0:00:02]} 31. Nd3 {[%emt 0:00:09]} Nxd3 {[%emt 0:00:02]} 32. Qxd3 {[%emt 0:00:03]} Rxc1+ {[%emt 0:00:01]} 33. Rxc1 {[%emt 0:00:01]} Rxc1+ {[%emt 0:00:01]} 34. Bxc1 {[%emt 0:00:00]} Qb7 {[%emt 0:00:02] Atesh offers a draw} 35. b4 {[%emt 0:00:03]} Be7 {[%emt 0:00:01] (Lag: Av=0.52s, max=1.0s)} 1/2-1/2

[Event "Silkway Cup"]
[Site "T#646345FIDE"]
[Date "2020.05.26"]
[Round "3"]
[White "Chepaschess"]
[Black "Kutiktau"]
[Result "1/2-1/2"]
[WhiteElo "1893"]
[BlackElo "2750"]
[Annotator "TA"]
[PlyCount "84"]
[EventDate "2020.05.26"]
[EventType "swiss (blitz)"]

{[%evp 16,84,88,84,81,79,79,66,87,81,89,66,75,74,79,71,123,107,123,109,115,97,91,0,102,99,102,87,91,97,108,64,80,45,50,37,45,47,79,57,97,47,31,2,30,29,125,0,0,0,0,0,0,0,0,0,0,0,0,0,0,0,0,0,1,0,0,0,12,0,0]} 1. Nf3 Nf6 2. c4 g6 3. Nc3 c5 4. d4 Bg7 5. e4 O-O 6. Be2 d6 7. O-O Bg4 8. d5 Na6 9. h3 Bxf3 {E91: King's Indian: Classical: 6 Be2, unusual replies including 6...c5 and 6...Bg4.} 10. Bxf3 Nc7 11. a4 a6 {White is slightly better.} 12. Bf4 Nd7 13. Qc2 Rb8 14. Be2 {[#]} Bd4 $146 ({Predecessor:} 14... Nf6 15. Rad1 Qd7 16. e5 dxe5 17. Bxe5 Nfe8 18. Bxg7 Kxg7 19. a5 Nf6 20. Na4 Qd6 {1-0 (88) Ress,T (2147)-Timko,M (2075) Hungary 2006}) 15. Qd2 f5 (15... Re8 $142) 16. exf5 Rxf5 17. Be3 Bg7 18. Bg4 Rf8 19. Be2 (19. a5 $16) 19... Ne5 (19... Rf5 $1 $11 {keeps the balance.}) 20. f4 Nf7 21. Rfe1 Nh6 22. g4 Qd7 23. Rad1 Rbe8 24. Bf3 b5 25. axb5 axb5 26. b3 {[%cal Bb2b3,Bb3c4][%mdl 32]} bxc4 27. bxc4 Na6 28. Ne4 Nf7 29. Bg2 Nb4 30. Kh1 Ra8 {[#]} (30... Rb8 $11) 31. Qe2 (31. Nxc5 $1 $16 {[%mdl 512]} dxc5 32. Bxc5 {[%mdl 64] Double Attack, Discovered Attack}) 31... Ra2 $11 {The position is equal.} 32. Rd2 Rfa8 33. Red1 R2a3 34. Bg1 Qa4 35. Ng5 Nxg5 36. fxg5 Qd7 {And now ...Bc3 would win.} 37. Rf1 Ra1 38. Rxa1 Rxa1 39. Rd1 Ra2 40. Rd2 Ra1 41. Rd1 Ra2 42. Rd2 Ra1 {Accuracy: White = 78%, Black = 76%.} 1/2-1/2

[Event "Silkway Cup"]
[Site "T#646345FIDE"]
[Date "2020.05.26"]
[Round "3"]
[White "MammadyarovaZ"]
[Black "S-melia"]
[Result "1-0"]
[WhiteElo "1846"]
[BlackElo "1878"]
[Annotator "NA"]
[PlyCount "105"]
[EventDate "2020.05.26"]
[EventType "swiss (blitz)"]

1. d4 {[%emt 0:00:03]} Nf6 {[%emt 0:00:02]} 2. Nf3 {[%emt 0:00:02]} e6 {[%emt 0:00:02]} 3. c4 {[%emt 0:00:02]} c5 {[%emt 0:00:01]} 4. e3 {[%emt 0:00:01]} cxd4 {[%emt 0:00:04]} 5. exd4 {[%emt 0:00:01]} d5 {[%emt 0:00:00]} 6. Nc3 {[%emt 0:00:02]} Bb4 {[%emt 0:00:01]} 7. cxd5 {[%emt 0:00:12]} exd5 {[%emt 0:00:01]} 8. Be2 {[%emt 0:00:06]} O-O {[%emt 0:00:03]} 9. O-O {[%emt 0:00:01]} Nc6 {[%emt 0:00:01]} 10. Bg5 {[%emt 0:00:04]} Bxc3 {[%emt 0:00:20]} 11. bxc3 {[%emt 0:00:02]} Qd6 {[%emt 0:00:00]} 12. c4 {[%emt 0:00:35]} dxc4 {[%emt 0:00:11]} 13. Bxc4 {[%emt 0:00:04]} Bg4 {[%emt 0:00:01]} 14. Rb1 {[%emt 0:00:26]} b6 {[%emt 0:00:30]} 15. h3 {[%emt 0:01:07]} Bxf3 {[%emt 0:00:16]} 16. Qxf3 {[%emt 0:00:00]} Nxd4 {[%emt 0:00:07]} 17. Qd3 {[%emt 0:00:11]} Qe5 {[%emt 0:00:37]} 18. f4 {[%emt 0:00:22]} Qc5 {[%emt 0:00:02]} 19. Bxf6 {[%emt 0:00:04]} gxf6 {[%emt 0:00:16]} 20. Kh1 {[%emt 0:00:01]} Kh8 {[%emt 0:00:18]} 21. Rfd1 {[%emt 0:00:02]} Ne6 {[%emt 0:00:16]} 22. Rbc1 {[%emt 0:00:02]} Rad8 {[%emt 0:00:06]} 23. Qc3 {[%emt 0:00:04]} Rd4 {[%emt 0:00:18]} 24. f5 {[%emt 0:00:07]} Rfd8 {[%emt 0:00:05]} 25. Rxd4 {[%emt 0:00:03]} Nxd4 {[%emt 0:00:02]} 26. Bxf7 {[%emt 0:00:01]} Qxc3 {[%emt 0:00:02]} 27. Rxc3 {[%emt 0:00:00]} Nxf5 {[%emt 0:00:01]} 28. Rc7 {[%emt 0:00:02]} a5 {[%emt 0:00:03]} 29. Be6 {[%emt 0:00:01]} Ng3+ {[%emt 0:00:03]} 30. Kh2 {[%emt 0:00:01]} Nf1+ {[%emt 0:00:01]} 31. Kg1 {[%emt 0:00:02]} Ne3 {[%emt 0:00:01]} 32. Kf2 {[%emt 0:00:01]} Nd1+ {[%emt 0:00:03]} 33. Ke2 {[%emt 0:00:01]} Nb2 {[%emt 0:00:03]} 34. Bf5 {[%emt 0:00:01]} Na4 {[%emt 0:00:07]} 35. Rxh7+ {[%emt 0:00:00]} Kg8 {[%emt 0:00:01]} 36. Rb7 {[%emt 0:00:01]} Rd4 {[%emt 0:00:03]} 37. Be6+ {[%emt 0:00:01]} Kh8 {[%emt 0:00:02]} 38. Ke3 {[%emt 0:00:01]} Rd6 {[%emt 0:00:02]} 39. Bf5 {[%emt 0:00:01]} Nc5 {[%emt 0:00:01]} 40. Ra7 {[%emt 0:00:06]} a4 {[%emt 0:00:02]} 41. h4 {[%emt 0:00:01]} Rc6 {[%emt 0:00:02]} 42. h5 {[%emt 0:00:01]} Rd6 {[%emt 0:00:02]} 43. h6 {[%emt 0:00:01]} Ne6 {[%emt 0:00:02]} 44. Ra8+ {[%emt 0:00:03]} Nd8 {[%emt 0:00:01]} 45. Ke4 {[%emt 0:00:03]} b5 {[%emt 0:00:02]} 46. Kf4 {[%emt 0:00:02]} Rd2 {[%emt 0:00:01]} 47. g4 {[%emt 0:00:02]} Kg8 {[%emt 0:00:03]} 48. g5 {[%emt 0:00:02]} fxg5+ {[%emt 0:00:01]} 49. Kxg5 {[%emt 0:00:00]} Kf7 {[%emt 0:00:02]} 50. h7 {[%emt 0:00:01]} Kg7 {[%emt 0:00:01]} 51. Ra7+ {[%emt 0:00:02]} Kh8 {[%emt 0:00:01]} 52. Kf6 {[%emt 0:00:01]} Rxa2 {[%emt 0:00:07]} 53. Re7 {[%emt 0:00:03] Time (Lag: Av=0.41s, max=0.9s)} 1-0

[Event "Silkway Cup"]
[Site "T#646345FIDE"]
[Date "2020.05.26"]
[Round "3"]
[White "Nino2014"]
[Black "Elene tsotsonava"]
[Result "1-0"]
[WhiteElo "1774"]
[BlackElo "1549"]
[Annotator "NA"]
[PlyCount "67"]
[EventDate "2020.05.26"]
[EventType "swiss (blitz)"]

1. d4 {[%emt 0:00:03]} d5 {[%emt 0:00:01]} 2. Nf3 {[%emt 0:00:02]} c5 {[%emt 0:00:01]} 3. e3 {[%emt 0:00:14]} Nc6 {[%emt 0:00:04]} 4. c4 {[%emt 0:00:04]} dxc4 {[%emt 0:00:13]} 5. Bxc4 {[%emt 0:00:05]} e6 {[%emt 0:00:03]} 6. O-O {[%emt 0:00:06]} a6 {[%emt 0:00:32]} 7. a4 {[%emt 0:00:08]} Nf6 {[%emt 0:00:10]} 8. Qe2 {[%emt 0:00:01]} cxd4 {[%emt 0:00:05]} 9. Rd1 {[%emt 0:00:02]} Qc7 {[%emt 0:00:08]} 10. exd4 {[%emt 0:00:03]} Bd6 {[%emt 0:00:05]} 11. Nc3 {[%emt 0:00:05]} O-O {[%emt 0:00:02]} 12. Bg5 {[%emt 0:00:02]} Be7 {[%emt 0:01:01]} 13. Rac1 {[%emt 0:00:04]} Bd7 {[%emt 0:00:13]} 14. d5 {[%emt 0:00:08]} exd5 {[%emt 0:00:30]} 15. Bxf6 {[%emt 0:00:27]} dxc4 {[%emt 0:00:19]} 16. Bxe7 {[%emt 0:00:02]} Rfe8 {[%emt 0:00:01]} 17. Bd6 {[%emt 0:00:29]} Qa5 {[%emt 0:00:04]} 18. Qxc4 {[%emt 0:00:05]} Rac8 {[%emt 0:00:01]} 19. Qh4 {[%emt 0:00:07]} Be6 {[%emt 0:00:03]} 20. Ng5 {[%emt 0:00:04]} h6 {[%emt 0:00:03]} 21. Nxe6 {[%emt 0:00:01]} Rxe6 {[%emt 0:00:00]} 22. Bg3 {[%emt 0:00:04]} Nb4 {[%emt 0:00:04]} 23. h3 {[%emt 0:00:04]} Nc6 {[%emt 0:00:03]} 24. Nd5 {[%emt 0:00:05]} Rce8 {[%emt 0:00:02]} 25. b4 {[%emt 0:00:15]} Qd8 {[%emt 0:00:02]} 26. Nc7 {[%emt 0:00:03]} Qxh4 {[%emt 0:00:01]} 27. Bxh4 {[%emt 0:00:01]} Re4 {[%emt 0:00:01]} 28. Nxe8 {[%emt 0:00:01]} Rxh4 {[%emt 0:00:00]} 29. b5 {[%emt 0:00:02]} axb5 {[%emt 0:00:00]} 30. axb5 {[%emt 0:00:00]} Ne5 {[%emt 0:00:01]} 31. Rd8 {[%emt 0:00:07]} Kh7 {[%emt 0:00:01]} 32. b6 {[%emt 0:00:03]} Rb4 {[%emt 0:00:02]} 33. Rd6 {[%emt 0:00:10]} Nc4 {[%emt 0:00:07]} 34. Rd4 {[%emt 0:00:02] Elene tsotsonava resigns (Lag: Av=0.65s, max=1.5s)} 1-0

[Event "Silkway Cup"]
[Site "T#646345FIDE"]
[Date "2020.05.26"]
[Round "3"]
[White "Ninullia"]
[Black "Kranke07"]
[Result "0-1"]
[WhiteElo "1731"]
[BlackElo "1620"]
[Annotator "NA"]
[PlyCount "66"]
[EventDate "2020.05.26"]
[EventType "swiss (blitz)"]

1. d4 {[%emt 0:00:03]} Nf6 {[%emt 0:00:01]} 2. c4 {[%emt 0:00:02]} g6 {[%emt 0:00:01]} 3. Nf3 {[%emt 0:00:03]} Bg7 {[%emt 0:00:02]} 4. g3 {[%emt 0:00:01]} O-O {[%emt 0:00:04]} 5. Bg2 {[%emt 0:00:01]} d6 {[%emt 0:00:01]} 6. Nc3 {[%emt 0:00:01]} Nc6 {[%emt 0:00:02]} 7. O-O {[%emt 0:00:01]} a6 {[%emt 0:00:03]} 8. Bf4 {[%emt 0:00:01]} Rb8 {[%emt 0:00:01]} 9. Rc1 {[%emt 0:00:01]} Bg4 {[%emt 0:00:17]} 10. h3 {[%emt 0:00:14]} Bxf3 {[%emt 0:00:01]} 11. Bxf3 {[%emt 0:00:01]} Nd7 {[%emt 0:00:00]} 12. Be3 {[%emt 0:00:12]} e5 {[%emt 0:00:06]} 13. d5 {[%emt 0:00:06]} Nd4 {[%emt 0:00:25]} 14. Bg2 {[%emt 0:00:09]} c5 {[%emt 0:00:12]} 15. dxc6 {[%emt 0:00:32]} bxc6 {[%emt 0:00:00]} 16. b3 {[%emt 0:00:02]} Qe7 {[%emt 0:00:11]} 17. Na4 {[%emt 0:00:11]} Rbc8 {[%emt 0:00:01]} 18. Bd2 {[%emt 0:00:09]} Ne6 {[%emt 0:00:30]} 19. Bb4 {[%emt 0:00:11]} Ndc5 {[%emt 0:00:03]} 20. Bxc5 {[%emt 0:00:17]} dxc5 {[%emt 0:00:00]} 21. Qd2 {[%emt 0:00:14]} Rfd8 {[%emt 0:00:08]} 22. Qa5 {[%emt 0:00:03]} f5 {[%emt 0:00:10]} 23. Qxa6 {[%emt 0:00:34]} Nd4 {[%emt 0:00:10]} 24. Rfe1 {[%emt 0:00:09]} f4 {[%emt 0:00:01]} 25. e3 {[%emt 0:00:12]} fxe3 {[%emt 0:00:01]} 26. Rxe3 {[%emt 0:00:02]} Bh6 {[%emt 0:00:03]} 27. f4 {[%emt 0:00:14]} Qd6 {[%emt 0:00:48]} 28. Rxe5 {[%emt 0:00:01]} Nf5 {[%emt 0:00:04]} 29. Kh2 {[%emt 0:00:02]} Nxg3 {[%emt 0:00:05]} 30. Kxg3 {[%emt 0:00:01]} Bxf4+ {[%emt 0:00:01]} 31. Kxf4 {[%emt 0:00:01]} Rf8+ {[%emt 0:00:01]} 32. Ke3 {[%emt 0:00:02]} Qd4+ {[%emt 0:00:02]} 33. Ke2 {[%emt 0:00:01]} Rf2+ {[%emt 0:00:00] Time (Lag: Av=0.98s, max=1.4s)} 0-1

[Event "Silkway Cup"]
[Site "T#646345FIDE"]
[Date "2020.05.26"]
[Round "3"]
[White "Niadongh"]
[Black "HasanzadeT"]
[Result "0-1"]
[WhiteElo "1712"]
[BlackElo "1620"]
[Annotator "NA"]
[PlyCount "56"]
[EventDate "2020.05.26"]
[EventType "swiss (blitz)"]

1. e4 {[%emt 0:00:02]} e6 {[%emt 0:00:03]} 2. d4 {[%emt 0:00:02]} d5 {[%emt 0:00:03]} 3. Nd2 {[%emt 0:00:02]} c5 {[%emt 0:00:02]} 4. exd5 {[%emt 0:00:17]} Qxd5 {[%emt 0:00:00]} 5. Ngf3 {[%emt 0:00:09]} cxd4 {[%emt 0:00:03]} 6. Bc4 {[%emt 0:00:14]} Qd6 {[%emt 0:00:03]} 7. O-O {[%emt 0:00:14]} Nc6 {[%emt 0:00:05]} 8. Ne4 {[%emt 0:00:24]} Qc7 {[%emt 0:00:03]} 9. Nxd4 {[%emt 0:00:11]} a6 {[%emt 0:00:25]} 10. Nxc6 {[%emt 0:00:21]} Qxc6 {[%emt 0:00:04]} 11. Bd3 {[%emt 0:00:04]} Nf6 {[%emt 0:00:04]} 12. Nxf6+ {[%emt 0:00:16]} gxf6 {[%emt 0:00:00]} 13. Qe2 {[%emt 0:00:01]} Bd6 {[%emt 0:00:05]} 14. Be4 {[%emt 0:00:29]} Qc7 {[%emt 0:00:03]} 15. g3 {[%emt 0:00:12]} Bd7 {[%emt 0:00:03]} 16. Qf3 {[%emt 0:00:06]} f5 {[%emt 0:00:45]} 17. Bd3 {[%emt 0:00:18]} Bc6 {[%emt 0:00:04]} 18. Qe2 {[%emt 0:00:01]} O-O-O {[%emt 0:00:04]} 19. c4 {[%emt 0:00:04]} h5 {[%emt 0:00:03]} 20. b4 {[%emt 0:00:03]} h4 {[%emt 0:00:01]} 21. b5 {[%emt 0:00:02]} axb5 {[%emt 0:00:07]} 22. cxb5 {[%emt 0:00:01]} Bd5 {[%emt 0:00:06]} 23. Bg5 {[%emt 0:00:08]} hxg3 {[%emt 0:00:03]} 24. fxg3 {[%emt 0:00:01]} Bc5+ {[%emt 0:00:04]} 25. Be3 {[%emt 0:00:03]} Rdg8 {[%emt 0:00:15]} 26. Rac1 {[%emt 0:00:02]} Rxg3+ {[%emt 0:00:05]} 27. hxg3 {[%emt 0:00:02]} Qxg3+ {[%emt 0:00:02]} 28. Qg2 {[%emt 0:00:03]} Qxg2# {[%emt 0:00:01] Mate (Lag: Av=0.45s, max=0.6s)} 0-1

[Event "Silkway Cup"]
[Site "T#646345FIDE"]
[Date "2020.05.26"]
[Round "3"]
[White "gb_23"]
[Black "Moonlightbae"]
[Result "1-0"]
[WhiteElo "1712"]
[BlackElo "1675"]
[Annotator "NA"]
[PlyCount "123"]
[EventDate "2020.05.26"]
[EventType "swiss (blitz)"]

1. c4 {[%emt 0:00:02]} c5 {[%emt 0:00:09]} 2. Nf3 {[%emt 0:00:02]} Nc6 {[%emt 0:00:01]} 3. d4 {[%emt 0:00:01]} cxd4 {[%emt 0:00:03]} 4. Nxd4 {[%emt 0:00:00]} Nf6 {[%emt 0:00:00]} 5. Nc3 {[%emt 0:00:01]} g6 {[%emt 0:00:01]} 6. e4 {[%emt 0:00:02]} d6 {[%emt 0:00:02]} 7. Be2 {[%emt 0:00:03]} Bg7 {[%emt 0:00:01]} 8. Be3 {[%emt 0:00:02]} O-O {[%emt 0:00:04]} 9. f3 {[%emt 0:00:02]} Qb6 {[%emt 0:00:29]} 10. Qd2 {[%emt 0:01:38]} Nxe4 {[%emt 0:00:14]} 11. Nxc6 {[%emt 0:00:05]} Nxd2 {[%emt 0:01:43]} 12. Nxe7+ {[%emt 0:00:03]} Kh8 {[%emt 0:00:01]} 13. Bxb6 {[%emt 0:00:01]} Nxf3+ {[%emt 0:00:22]} 14. Bxf3 {[%emt 0:00:12]} axb6 {[%emt 0:00:01]} 15. O-O {[%emt 0:00:14]} Be6 {[%emt 0:00:05]} 16. Ned5 {[%emt 0:00:12]} Rac8 {[%emt 0:00:08]} 17. Be2 {[%emt 0:00:19]} Bd4+ {[%emt 0:00:03]} 18. Kh1 {[%emt 0:00:04]} Rfe8 {[%emt 0:00:01]} 19. Bd3 {[%emt 0:00:03]} h5 {[%emt 0:00:03]} 20. Rae1 {[%emt 0:00:02]} Kg7 {[%emt 0:00:02]} 21. b3 {[%emt 0:00:01]} Be5 {[%emt 0:00:01]} 22. a4 {[%emt 0:00:02]} Bd4 {[%emt 0:00:01]} 23. Rc1 {[%emt 0:00:11]} Bg4 {[%emt 0:00:02]} 24. Rfe1 {[%emt 0:00:04]} Be6 {[%emt 0:00:01]} 25. h3 {[%emt 0:00:03]} h4 {[%emt 0:00:02]} 26. Nb5 {[%emt 0:00:02]} Bf2 {[%emt 0:00:03]} 27. Re2 {[%emt 0:00:03]} Bg3 {[%emt 0:00:02]} 28. Nxb6 {[%emt 0:00:02]} Rc6 {[%emt 0:00:01]} 29. a5 {[%emt 0:00:03]} d5 {[%emt 0:00:03]} 30. Nd4 {[%emt 0:00:06]} dxc4 {[%emt 0:00:03]} 31. Bxc4 {[%emt 0:00:05]} Rd6 {[%emt 0:00:02]} 32. Nxe6+ {[%emt 0:00:01]} fxe6 {[%emt 0:00:01]} 33. Ra2 {[%emt 0:00:05]} Red8 {[%emt 0:00:01]} 34. Raa1 {[%emt 0:00:01]} e5 {[%emt 0:00:02]} 35. Kg1 {[%emt 0:00:02]} e4 {[%emt 0:00:01]} 36. Be2 {[%emt 0:00:02]} e3 {[%emt 0:00:02]} 37. Rd1 {[%emt 0:00:01]} Rd2 {[%emt 0:00:03]} 38. Rxd2 {[%emt 0:00:04]} exd2 {[%emt 0:00:03]} 39. Rd1 {[%emt 0:00:02]} Be1 {[%emt 0:00:02]} 40. Nc4 {[%emt 0:00:02]} Rd5 {[%emt 0:00:02]} 41. Bf3 {[%emt 0:00:02]} Rd7 {[%emt 0:00:03]} 42. b4 {[%emt 0:00:01]} Rd4 {[%emt 0:00:01]} 43. Be2 {[%emt 0:00:01]} Re4 {[%emt 0:00:03]} 44. Bf1 {[%emt 0:00:01]} Rd4 {[%emt 0:00:02]} 45. b5 {[%emt 0:00:02]} Rd5 {[%emt 0:00:02]} 46. a6 {[%emt 0:00:02]} bxa6 {[%emt 0:00:02]} 47. bxa6 {[%emt 0:00:01]} Rf5 {[%emt 0:00:00]} 48. Nxd2 {[%emt 0:00:01]} Bf2+ {[%emt 0:00:01]} 49. Kh1 {[%emt 0:00:01]} Be3 {[%emt 0:00:01]} 50. Ne4 {[%emt 0:00:01]} Rf7 {[%emt 0:00:02]} 51. Be2 {[%emt 0:00:01]} Ba7 {[%emt 0:00:02]} 52. Bf3 {[%emt 0:00:01]} g5 {[%emt 0:00:01]} 53. Nxg5 {[%emt 0:00:01]} Rc7 {[%emt 0:00:01]} 54. Ne4 {[%emt 0:00:01]} Rc6 {[%emt 0:00:03]} 55. Be2 {[%emt 0:00:03]} Rc7 {[%emt 0:00:02]} 56. Rb1 {[%emt 0:00:02]} Re7 {[%emt 0:00:01]} 57. Rb7 {[%emt 0:00:03]} Kf7 {[%emt 0:00:00]} 58. Rxe7+ {[%emt 0:00:01]} Kxe7 {[%emt 0:00:00]} 59. Ng5 {[%emt 0:00:02]} Kf6 {[%emt 0:00:01]} 60. Nf3 {[%emt 0:00:00]} Bf2 {[%emt 0:00:04]} 61. Nxh4 {[%emt 0:00:02]} Bxh4 {[%emt 0:00:02]} 62. a7 {[%emt 0:00:01] Moonlightbae resigns (Lag: Av=1.06s, max=4.1s)} 1-0

[Event "Silkway Cup"]
[Site "T#646345FIDE"]
[Date "2020.05.26"]
[Round "3"]
[White "NIKiler"]
[Black "Gaguna"]
[Result "1/2-1/2"]
[WhiteElo "1686"]
[BlackElo "1620"]
[Annotator "NA"]
[PlyCount "117"]
[EventDate "2020.05.26"]
[EventType "swiss (blitz)"]

1. c4 {[%emt 0:00:04]} c5 {[%emt 0:00:04]} 2. Nc3 {[%emt 0:00:01]} Nc6 {[%emt 0:00:01]} 3. g3 {[%emt 0:00:02]} g6 {[%emt 0:00:01]} 4. Bg2 {[%emt 0:00:00]} Bg7 {[%emt 0:00:01]} 5. e3 {[%emt 0:00:00]} e6 {[%emt 0:00:01]} 6. Nge2 {[%emt 0:00:06]} Nge7 {[%emt 0:00:01]} 7. d4 {[%emt 0:00:05]} cxd4 {[%emt 0:00:04]} 8. Nxd4 {[%emt 0:00:01]} Nxd4 {[%emt 0:00:01]} 9. exd4 {[%emt 0:00:00]} d5 {[%emt 0:00:01]} 10. cxd5 {[%emt 0:00:04]} Nxd5 {[%emt 0:00:01]} 11. Nxd5 {[%emt 0:00:01]} exd5 {[%emt 0:00:01]} 12. O-O {[%emt 0:00:01]} O-O {[%emt 0:00:01]} 13. Be3 {[%emt 0:00:01]} Be6 {[%emt 0:00:03]} 14. Qb3 {[%emt 0:00:01]} Qd7 {[%emt 0:00:04]} 15. Rfc1 {[%emt 0:00:04]} Rfc8 {[%emt 0:00:02]} 16. a4 {[%emt 0:00:13]} Rc4 {[%emt 0:00:25]} 17. Rxc4 {[%emt 0:00:05]} dxc4 {[%emt 0:00:01]} 18. Qxb7 {[%emt 0:00:02]} Qxb7 {[%emt 0:00:01]} 19. Bxb7 {[%emt 0:00:00]} Rb8 {[%emt 0:00:01]} 20. Bc6 {[%emt 0:00:01]} Rxb2 {[%emt 0:00:05]} 21. Rc1 {[%emt 0:00:01]} Bh3 {[%emt 0:00:28]} 22. Bb5 {[%emt 0:00:15]} c3 {[%emt 0:00:05]} 23. d5 {[%emt 0:00:57]} c2 {[%emt 0:00:14]} 24. Bd3 {[%emt 0:00:03]} Bf5 {[%emt 0:00:02]} 25. Bxf5 {[%emt 0:00:02]} gxf5 {[%emt 0:00:02]} 26. Kf1 {[%emt 0:00:01]} Kf8 {[%emt 0:00:19]} 27. Ke2 {[%emt 0:00:07]} Ke7 {[%emt 0:00:03]} 28. Bxa7 {[%emt 0:00:25]} Kd6 {[%emt 0:00:03]} 29. a5 {[%emt 0:00:19]} Ra2 {[%emt 0:00:08]} 30. Bb6 {[%emt 0:00:07]} Bc3 {[%emt 0:00:04]} 31. Kd3 {[%emt 0:00:19]} Bxa5 {[%emt 0:00:03]} 32. Bxa5 {[%emt 0:00:02]} Rxa5 {[%emt 0:00:02]} 33. Rxc2 {[%emt 0:00:01]} Rxd5+ {[%emt 0:00:16]} 34. Ke3 {[%emt 0:00:01]} Ke7 {[%emt 0:00:04]} 35. Kf4 {[%emt 0:00:03]} Kf6 {[%emt 0:00:04]} 36. Rc6+ {[%emt 0:00:01]} Kg7 {[%emt 0:00:02] Gaguna offers a draw} 37. h4 {[%emt 0:00:13]} Rd2 {[%emt 0:00:06]} 38. f3 {[%emt 0:00:01]} Rd5 {[%emt 0:00:01]} 39. Kg5 {[%emt 0:00:03]} f6+ {[%emt 0:00:26]} 40. Kf4 {[%emt 0:00:02]} h5 {[%emt 0:00:02]} 41. Rc8 {[%emt 0:00:04]} Ra5 {[%emt 0:00:04]} 42. Rb8 {[%emt 0:00:01]} Rc5 {[%emt 0:00:02]} 43. Rb3 {[%emt 0:00:06]} Kg6 {[%emt 0:00:04]} 44. Ke3 {[%emt 0:00:01]} Rc4 {[%emt 0:00:02]} 45. f4 {[%emt 0:00:01]} Re4+ {[%emt 0:00:02]} 46. Kf3 {[%emt 0:00:02]} Ra4 {[%emt 0:00:01]} 47. Re3 {[%emt 0:00:01]} Rb4 {[%emt 0:00:02]} 48. Re8 {[%emt 0:00:01]} Rb3+ {[%emt 0:00:02]} 49. Kg2 {[%emt 0:00:01]} Rb2+ {[%emt 0:00:01]} 50. Kf3 {[%emt 0:00:03]} Rb3+ {[%emt 0:00:02]} 51. Re3 {[%emt 0:00:00]} Rb4 {[%emt 0:00:01]} 52. Rc3 {[%emt 0:00:01]} Ra4 {[%emt 0:00:01]} 53. Ke3 {[%emt 0:00:01]} Rb4 {[%emt 0:00:01]} 54. Rd3 {[%emt 0:00:01]} Ra4 {[%emt 0:00:01]} 55. Kd2 {[%emt 0:00:02]} Rb4 {[%emt 0:00:03]} 56. Re3 {[%emt 0:00:01]} Ra4 {[%emt 0:00:01]} 57. Kc3 {[%emt 0:00:01]} Kg7 {[%emt 0:00:06]} 58. Kd3 {[%emt 0:00:01]} Kg6 {[%emt 0:00:02] NIKiler offers a draw} 59. Ke2 {[%emt 0:00:04] (Lag: Av=0.72s, max=1.2s)} 1/2-1/2

[Event "Silkway Cup"]
[Site "T#646345FIDE"]
[Date "2020.05.26"]
[Round "3"]
[White "Sandrika"]
[Black "Meri-Arabidze"]
[Result "1/2-1/2"]
[WhiteElo "1675"]
[BlackElo "1620"]
[Annotator "NA"]
[PlyCount "89"]
[EventDate "2020.05.26"]
[EventType "swiss (blitz)"]

1. Nf3 {[%emt 0:00:04]} d5 {[%emt 0:00:02]} 2. g3 {[%emt 0:00:03]} e6 {[%emt 0:00:03]} 3. Bg2 {[%emt 0:00:04]} f5 {[%emt 0:00:02]} 4. O-O {[%emt 0:00:02]} Nf6 {[%emt 0:00:01]} 5. d4 {[%emt 0:00:03]} Bd6 {[%emt 0:00:01]} 6. b3 {[%emt 0:00:01]} Qe7 {[%emt 0:00:03]} 7. a4 {[%emt 0:00:01]} O-O {[%emt 0:00:02]} 8. Ba3 {[%emt 0:00:01]} Bxa3 {[%emt 0:00:05]} 9. Nxa3 {[%emt 0:00:02]} a5 {[%emt 0:00:00]} 10. c4 {[%emt 0:00:03]} c6 {[%emt 0:00:02]} 11. Qc2 {[%emt 0:00:13]} Ne4 {[%emt 0:00:11]} 12. Ne5 {[%emt 0:00:18]} Na6 {[%emt 0:00:15]} 13. c5 {[%emt 0:00:18]} Nb4 {[%emt 0:00:02]} 14. Qb2 {[%emt 0:00:02]} Bd7 {[%emt 0:00:23]} 15. Nd3 {[%emt 0:00:12]} Na6 {[%emt 0:00:14]} 16. Nc2 {[%emt 0:00:04]} Be8 {[%emt 0:00:05]} 17. b4 {[%emt 0:00:01]} axb4 {[%emt 0:00:02]} 18. Ncxb4 {[%emt 0:00:02]} Nxb4 {[%emt 0:00:01]} 19. Qxb4 {[%emt 0:00:02]} Bh5 {[%emt 0:00:12]} 20. Nf4 {[%emt 0:00:08]} Bf7 {[%emt 0:00:06]} 21. Nd3 {[%emt 0:00:04]} Bh5 {[%emt 0:00:04]} 22. f3 {[%emt 0:00:41]} Nf6 {[%emt 0:00:05]} 23. Rfb1 {[%emt 0:00:02]} Ra7 {[%emt 0:00:03]} 24. a5 {[%emt 0:00:04]} Rfa8 {[%emt 0:00:03]} 25. Ne5 {[%emt 0:00:07]} Nd7 {[%emt 0:00:05]} 26. Nxd7 {[%emt 0:00:23]} Qxd7 {[%emt 0:00:02]} 27. Rb2 {[%emt 0:00:06]} Qe7 {[%emt 0:00:08]} 28. f4 {[%emt 0:00:01]} g5 {[%emt 0:00:02]} 29. e3 {[%emt 0:00:01]} h6 {[%emt 0:00:03]} 30. Kf2 {[%emt 0:00:07]} Be8 {[%emt 0:00:04]} 31. Bf1 {[%emt 0:00:02]} Qf7 {[%emt 0:00:02]} 32. Be2 {[%emt 0:00:02]} Qg7 {[%emt 0:00:09]} 33. Rba2 {[%emt 0:00:05]} h5 {[%emt 0:00:20]} 34. Rg1 {[%emt 0:00:05]} g4 {[%emt 0:00:02]} 35. Bf1 {[%emt 0:00:14]} Qc7 {[%emt 0:00:03]} 36. Rb2 {[%emt 0:00:08]} Rxa5 {[%emt 0:00:04]} 37. Qxb7 {[%emt 0:00:02]} Qxb7 {[%emt 0:00:01]} 38. Rxb7 {[%emt 0:00:01]} Ra2+ {[%emt 0:00:00]} 39. Be2 {[%emt 0:00:01]} Rc2 {[%emt 0:00:15]} 40. Re1 {[%emt 0:00:01]} Raa2 {[%emt 0:00:02]} 41. Re7 {[%emt 0:00:03]} Bf7 {[%emt 0:00:02]} 42. Rc7 {[%emt 0:00:01]} Be8 {[%emt 0:00:08]} 43. Re7 {[%emt 0:00:02]} Bf7 {[%emt 0:00:06]} 44. Rc7 {[%emt 0:00:01]} Be8 {[%emt 0:00:08]} 45. Re7 {[%emt 0:00:02] (Lag: Av=1.11s, max=3.3s)} 1/2-1/2